000 00308nam a22001337a 4500
008 171014b xxu||||| |||| 00| 0 eng d
020 _a9780195126846
041 _aeng
080 _a33
100 _a52
101 _aEKO
245 _aAPPLYING ECONOMICS TO THE ENVIRONMENT
_cRUSSELL, C.S
942 _2udc
_cBK
999 _c33967
_d33967